| 000 | 00395nam a22001097a 4500 | ||
|---|---|---|---|
| 999 |
_c524517 _d524517 |
||
| 082 | _aD7 In8 | ||
| 245 | _aIIHSG International Conference 2023: security, identity & global governance: India and the worldn | ||
| 260 |
_aNew Delhi _bInterdisciplinary Institute of Human Security & Governance _c2023 |
||
| 300 | _a414p. | ||
| 650 |
_aWorld politics _942400 |
||
| 650 |
_aInternational cooperation _942401 |
||